Países de América del Norte sin mapa - Estadísticas

Estadísticas generales
  • Esta prueba ha sido intentada 46 veces
  • La puntuación promedio es 21 de 23
Estadísticas de respuestas
País % Correcto
El Salvador
100%
Estados Unidos
100%
México
100%
Canadá
97%
Belice
95%
República Dominicana
95%
Costa Rica
92%
Guatemala
92%
Honduras
92%
Jamaica
92%
Panamá
92%
Barbados
90%
Cuba
90%
Haití
90%
Nicaragua
90%
Trinidad y Tobago
90%
Antigua y Barbuda
87%
Dominica
87%
Santa Lucía
87%
San Cristóbal y Nieves
85%
Bahamas
82%
San Vicente y las Granadinas
79%
Granada
77%
No se encontraron pruebas coincidentes
Distribución de puntuación
Porcentaje de gente con cada puntuación
Porcentaje por número respondido
Historial de tus puntuaciones
No has intentado esta prueba.